Central Library || Chittagong University

প্রতিদিন প্রতিরাত / (Record no. 110236)

MARC details
000 -LEADER
fixed length control field 00769nam a2200217 a 4500
001 - CONTROL NUMBER
control field 090365
003 - CONTROL NUMBER IDENTIFIER
control field BD-ChCU
005 - DATE AND TIME OF LATEST TRANSACTION
control field 20251208134326.0
008 - FIXED-LENGTH DATA ELEMENTS--GENERAL INFORMATION
fixed length control field 251208 Ben
040 ## - CATALOGING SOURCE
Original cataloging agency DLC
Transcribing agency DLC
Modifying agency BD-ChCU
082 00 - DEWEY DECIMAL CLASSIFICATION NUMBER
Classification number ৮১৩.০১৮ আজ ১১ প্র
Edition number 22
100 ## - MAIN ENTRY--PERSONAL NAME
Personal name আজম, কাজী জহিরুল
Numeration -
9 (RLIN) 17708
245 10 - TITLE STATEMENT
Title প্রতিদিন প্রতিরাত /
Remainder of title
Statement of responsibility, etc. কাজী জহিরুল আজম
250 ## - EDITION STATEMENT
Edition statement
260 ## - PUBLICATION, DISTRIBUTION, ETC.
Place of publication, distribution, etc. ঢাকা :
Name of publisher, distributor, etc. বর্ণমিছিল,
Date of publication, distribution, etc. c১৯৮৬
300 ## - PHYSICAL DESCRIPTION
Extent ৯১পৃ. :
504 ## - BIBLIOGRAPHY, ETC. NOTE
Bibliography, etc. note - Biblio-
650 #0 - SUBJECT ADDED ENTRY--TOPICAL TERM
Topical term or geographic name entry element বাংলা ছোট গল্প - আধুনিক যুগ বাংলা ছোট গল্প
Topical term following geographic name entry element
9 (RLIN) 17683
700 1# - ADDED ENTRY--PERSONAL NAME
Personal name -
942 ## - ADDED ENTRY ELEMENTS (KOHA)
Source of classification or shelving scheme Dewey Decimal Classification
Koha item type Books
Holdings
Withdrawn status Lost status Source of classification or shelving scheme Damaged status Not for loan Home library Current library Shelving location Date acquired Source of acquisition Total Checkouts Full call number Barcode Date last seen Price effective from Koha item type Public note
    Dewey Decimal Classification     Chittagong University Library Chittagong University Library Rare Section 12/08/2025 অনুদান   ৮১৩.০১৮ আজ ১১ প্র 173904 12/08/2025 12/08/2025 Books ড. ভূঁইয়া, মো: ইকবাল প্রদত্ত
© Copyright 2025. Chittagong University Library, Installation and Maintenance by Prof. Dr. Md. Alamgir, 01711306253